Actor Siblings Quiz - Statistics

General Stats
  • This quiz has been taken 63 times
  • The average score is 19 of 25
Answer Stats
Last Name Most Recognisable Movie/Tv Show Answer % Correct
Affleck Argo Ben
96%
Gyllenhaal Donnie Darko Jake
96%
Hemsworth The Hunger Games Liam
95%
Hemsworth Thor Chris
93%
Wahlberg Ted Mark
91%
Baldwin 30 Rock Alec
88%
Franco 127 Hours James
88%
Roberts Ocean's Eleven Julia
88%
Fonda Barbarella Jane
86%
Wilson Zoolander Owen
86%
Gyllenhaal Batman Begins Maggie
84%
Affleck Manchester by the Sea Casey
82%
Cusack High Fidelity John
80%
Hemsworth Westworld Luke
80%
Wilson Legally Blonde Luke
80%
Wahlberg The Sixth Sense Donnie
75%
Bateman Arrested Development Jason
73%
Cusack Toy Story 2 Joan
73%
Baldwin The Usual Suspects Stephen
68%
Fonda Easy Rider Peter
66%
Roberts The Expendables Eric
64%
Baldwin Backdraft William
55%
Franco Now You See Me Dave
54%
Bateman Family Ties Justine
52%
Baldwin Vampires Daniel
48%
No matching quizzes found
Score Distribution
Percent of People with Each Score
Percentile by Number Answered
Your Score History
You have not taken this quiz